|
|
|
|
| LEADER |
01243nam a22002771i 4500 |
| 001 |
4258540 |
| 005 |
20231128132408.0 |
| 006 |
a|||||r|||| 00| 0 |
| 008 |
161206r19891984enka f b 001 0 eng |
| 020 |
|
|
|a 041503941X
|
| 040 |
|
|
|a GR-PaULI
|b gre
|c GR-PaULI
|e AACR2
|
| 041 |
|
|
|a eng
|
| 082 |
0 |
4 |
|2 23
|a 372.7
|
| 100 |
1 |
|
|a Davis, Robert B.
|q (Robert Benjamin),
|d 1926-
|9 158528
|e συγγραφέας
|
| 245 |
1 |
0 |
|a Learning mathematics :
|b the cognitive science approach to mathematics education /
|c Robert B. Davis.
|
| 260 |
|
|
|a London :
|b Routledge,
|c 1984 [reprinted 1989].
|
| 300 |
|
|
|a viii, 392 σ. :
|b εικ. ;
|c 22 εκ.
|
| 490 |
1 |
|
|a Routledge curriculum policy and research series
|
| 504 |
|
|
|a Περιλαμβάνει βιβλιογραφικές παραπομπές και ευρετήριο.
|
| 650 |
|
0 |
|a Μαθηματικά
|x Μελέτη και διδασκαλία
|9 730
|
| 650 |
|
0 |
|a Γνώση στα παιδιά
|9 59367
|
| 830 |
|
0 |
|9 158531
|a Routledge curriculum policy and research series
|
| 942 |
|
|
|2 ddc
|c BK15
|
| 952 |
|
|
|0 0
|1 0
|2 ddc
|4 0
|6 372_700000000000000_DAV
|7 0
|9 207888
|a PTDE
|b PTDE
|c BSC
|d 2017-06-14
|i 11659
|l 0
|o 372.7 DAV
|p 025000211480
|r 2016-12-06 00:00:00
|t 1
|y BK15
|
| 998 |
|
|
|c ΤΣΕΝΕ
|d 2016-12
|
| 999 |
|
|
|c 126418
|d 126418
|